| 000 | 00785 a2200193 4500 | ||
|---|---|---|---|
| 999 |
_c7119 _d7119 |
||
| 020 | _a1577180348 (alk. paper) | ||
| 050 | 0 | 0 | _aHB143.5 HUA 1997 |
| 100 | 1 |
_aHuang, Cliff J., _d1938- _eauthor |
|
| 245 | 1 | 0 |
_aMathematics and Mathematica for economists / _cCliff J. Huang and Philip S. Crooke. |
| 264 |
_aMalden, Mass : _bBlackwell, _c1997. |
||
| 300 |
_axiv, 674 p. : _bill. ; |
||
| 500 | _aIncludes index | ||
| 504 | _aIncludes bibliographical references | ||
| 650 | 0 |
_aEconomics, Mathematical _xComputer programs. |
|
| 650 | 0 | _aEconomics, Mathematical. | |
| 700 | 1 |
_aCrooke, Philip. _eauthor |
|
| 942 |
_2lcc _cBK _h143.5 _iHUA _kHB |
||